00559 a2200133 450000500170000002000180001708200200003510000230005524500910007826000480016930000540021770000170027185601370028820250505083830.0 a0-07-225768-7 aLECT 005.74 LIN aLINNEMETER, L, C.  aOracle HTML DB Handbook: Develop Database-Centric Web Applications Quickly and Easily. aLondon,bMcGraw-Hill Companies, Inc,c2006. axxi,486p.: ill.; figures, tables.bindex,c23cm.  aBROWN, B, D. yOnline Access BookfOracle HTML DB Handbook: Develop Database-Centric Web Applications Quickly and Easily.dwww.OraclePressBooks.com